000 00375nam a2200145Ia 4500
008 090124s9999 xx 000 0 und d
082 _b302746
245 _a अजेय
250 _a1
260 _bमंगेशकर गीता/ गौरी मंगेशकर
_c1993
300 _a357
630 _a अजेय
730 _a अजेय
942 _cBOOK
999 _c192383
_d192383